000 00876namaa2200193 i 4500
001 173776
003 ES-MaACL
005 20230906215337.0
008 100118s1853 sp |||| | spa d
040 _aSpMaBN
_bspa
_cPAB
100 1 _aAriza, Juan de.
_9141983
245 1 3 _aLa Flor del valle
_b: zarzuela en un acto y en verso /
_coriginal de Juan de Ariza; música de Luís Arche.
260 _aMadrid :
_bCírculo Literario Comercial,
_c1853 (
_fImprenta á cargo de C. Gonzalez)
300 _a36 p. ;
_c21 cm.
505 8 _aSólo la letra
594 _aEn port.: estrenada en el teatro del Príncipe, el día 27 de marzo de 1853.
700 1 _aArche, Luis Vicente.
_9139696
852 _aES-MaACL
_jB-8603(16)
_z.- Enc. pasta española
_q.- Falto de la port. original
_z.- Enc. en un vol. facticio formando parte de la col. facticia "Teatro español moderno", vol. 56
999 _c173776
_d173776